00485nam a22001577a 4500008004100000020001500041050002200056100002100078245008600099250001200185260003600197300001600233650001100249650004200260650002500302200917b xxu||||| |||| 00| 0 eng d a0128154793 aQA297b.A88 2019  aAttaway, Stormy  aMatlab :ba practical guide to programming and problem solving /cStormy Attaway  a5th ed. aUKbButterworth Heinemannc2019 axxii, 604p. aMatlab aNumerical analysis vData processing  aComputer processing